| 000 | 00875nam a2200217 4500 | ||
|---|---|---|---|
| 999 |
_c121091 _d121091 |
||
| 001 | K121091 | ||
| 007 | ta | ||
| 008 | 190815b2019 ||||| |||| 00| 0 eng d | ||
| 041 | _aeng | ||
| 100 | _aStones, Paul | ||
| 245 | _aGrid unlock | ||
| 490 |
_aRICS Property Journal _vMay-June 2019, 46-48(3) |
||
| 520 | _aDiscusses plans to create a charging infrastructure for electric vehicles following the UK’s commitment to end the sale of new petrol, diesel cars and vans by 2040. Looks at possible business models and revenue streams this could generate and the use of peak and off peak charging facilities. | ||
| 650 | _aElectric vehicles | ||
| 650 | _aCharging points | ||
| 651 | _aUnited Kingdom 1973 | ||
| 690 |
_96246 _aInfrastructure |
||
| 700 | _aHarrison, Alex | ||
| 856 | _uhttps://issuu.com/ricsmodus/docs/property_journal-may-june_2019-rics/60 | ||
| 942 | _2ddc | ||